Statistics for Madden NFL 24 Top 20 RBs

Click here to take the quiz!

General Stats

  • This quiz has been taken 300 times
  • The average score is 16 of 20

Answer Stats

ClubOverallPlayer% Correct
Cleveland Browns97Nick Chubb
100%
New York Giants93Saquon Barkley
98%
Tennessee Titans94Derrick Henry
97%
Las Vegas Raiders95Josh Jacobs
97%
San Francisco 49ers96Christian McCaffrey
96%
Cincinnati Bengals87Joe Mixon
92%
Indianapolis Colts89Jonathan Taylor
92%
Green Bay Packers88Aaron Jones
91%
Dallas Cowboys88Tony Pollard
91%
Los Angeles Chargers89Austin Ekeler
90%
New Orleans Saints86Alvin Kamara
88%
New York Jets90Dalvin Cook
83%
Seattle Seahawks87Kenneth Walker III
81%
New England Patriots84Ezekiel Elliott
73%
Jacksonville Jaguars84Travis Etienne Jr
72%
Carolina Panthers86Miles Sanders
68%
Houston Texans83Dameon Pierce
62%
Atlanta Falcons85Cordarrelle Patterson
55%
New Orleans Saints85Jamaal Williams
54%
San Francisco 49ers87Kyle Juszczyk
37%

Score Distribution

Percentile by Number Answered

Percent of People with Each Score

Your Score History

You have not taken this quiz